Statistics for Name All the Countries that Neighbor Countries starting with A

Click here to take the quiz!

General Stats

  • This quiz has been taken 30 times
  • The average score is 31 of 40

Answer Stats

Answer% Correct
Russia
96%
Brazil
92%
Chile
92%
France
92%
Spain
92%
Iran
88%
Pakistan
88%
Paraguay
88%
Slovakia
88%
Uruguay
88%
Georgia
85%
Kosovo
85%
Tunisia
85%
Germany
81%
Morocco
81%
Namibia
81%
Switzerland
81%
Turkmenistan
81%
Uzbekistan
81%
Bolivia
77%
Hungary
77%
Libya
77%
Niger
77%
Armenia
73%
Azerbaijan
73%
China
73%
Czech Republic
73%
Democratic Republic of the Congo
73%
Italy
73%
Slovenia
73%
Tajikistan
73%
Turkey
73%
Mauritania
69%
North Macedonia
69%
Zambia
69%
Mali
65%
Congo
62%
Greece
62%
Liechtenstein
62%
Montenegro
62%

Score Distribution

Percentile by Number Answered

Percent of People with Each Score

Your Score History

You have not taken this quiz